Využitie hodnoty VaR pri optimalizácii kvótového zaistenia
Metóda optimálnej redukcie rizika kvótovým zaistením prostredníctvom hodnoty VaR. Vzťah pre stanovenie optimálnej kvóty. Prístupy kalkulácie poistného podľa rozdelenia počtu škôd a individuálnej výšky škody. Vyjadrenie optimálnej kvóty explicitne alebo aproximatívne.
Salvato in:
| Autore principale: | |
|---|---|
| Altri autori: | |
| Natura: | Capitolo di libro |
| Lingua: | slovacco |
| Soggetti: | |
| Tags: |
Nessun Tag, puoi essere il primo ad aggiungerne!!
|
MARC
| LEADER | 00000nla$a2200000$$$4500 | ||
|---|---|---|---|
| 001 | 0143301 | ||
| 005 | 20240502072553.5 | ||
| 041 | 0 | |a slo | |
| 044 | |a SK | ||
| 245 | 1 | 0 | |a Využitie hodnoty VaR pri optimalizácii kvótového zaistenia |c František Slaninka, Andrea Kaderová |
| 520 | |a Metóda optimálnej redukcie rizika kvótovým zaistením prostredníctvom hodnoty VaR. Vzťah pre stanovenie optimálnej kvóty. Prístupy kalkulácie poistného podľa rozdelenia počtu škôd a individuálnej výšky škody. Vyjadrenie optimálnej kvóty explicitne alebo aproximatívne. | ||
| 610 | 2 | 0 | |a poisťovníctvo |
| 610 | 2 | 0 | |a poisťovne |
| 610 | 2 | 0 | |a poistenie |
| 610 | 2 | 0 | |a riziko poistné |
| 610 | 2 | 0 | |a hodnota poistná |
| 610 | 2 | 0 | |a matematika poistná |
| 610 | 2 | 0 | |a metódy aktuárske |
| 100 | 1 | |a Slaninka, František, 1973- | |
| 700 | 1 | |a Kaderová, Andrea | |